| 000 | 00998 am a2200277 a 4500 | ||
|---|---|---|---|
| 005 | 20240517133323.0 | ||
| 008 | 100407s2007||||ag ||||g |||| 000 0 spa d | ||
| 020 | _a9789879752449 | ||
| 041 | _aspa | ||
| 092 |
_c060 _l31 _sGUI |
||
| 110 | 1 |
_aArgentina. Ministerio de Salud de la Nación. _9281 |
|
| 245 |
_aGuía de las Organizaciones de la Sociedad Cilvil del Ámbito de la Salud 2007 / _cMinisterio de Salud de la Nación. |
||
| 250 | _a1a ed. | ||
| 260 |
_aBuenos Aires: _bForo del Sector Social; _c2007. |
||
| 300 | _a537 p. | ||
| 500 | _aArgentina. Ministerio de Salud de la Nación. (2007). Guía de las Organizaciones de la Sociedad Civil del Ámbito de la Salud 2007. (1a ed.). Buenos Aires : Foro del Sector Social. | ||
| 653 | _aOrganizaciones civiles | ||
| 653 | _aAtención Primaria de la Salud | ||
| 653 | _aAdicciones | ||
| 653 | _aMaternidad e infancia | ||
| 653 | _aOncología | ||
| 653 | _aSalud mental | ||
| 653 | _aVIH Sida | ||
| 930 | _a1843 | ||
| 942 |
_2ddc _cBK |
||
| 999 |
_c241 _d241 |
||